书目信息 |
| 题名: |
电力系统潮流计算
|
|
| 作者: | 关根泰次 著 ;水利电力部科学研究所 译 | |
| 分册: | ||
| 出版信息: | 北京 水利电力出版社 1974 |
|
| 页数: | 207页 | |
| 开本: | 21cm | |
| 丛书名: | ||
| 单 册: | ||
| 中图分类: | TM74 | |
| 科图分类: | ||
| 主题词: | 安全调度(电力系统)-电力系统稳定 , 电力系统稳定-安全调度(电力系统) , 电力系统--模拟 , 电力系统计算 | |
| 电子资源: | ||
| ISBN: | ||
| 000 | 01145nam0 2200313 45 | |
| 001 | 0188015679 | |
| 005 | 20060420094055.42 | |
| 010 | @dCNY0.57 | |
| 020 | @aCN@b88015679 | |
| 100 | @a19910417d1974 m y0chiy0120 ea | |
| 101 | 0 | @achi@cjpn |
| 102 | @aCN | |
| 102 | @aCN@b110000 | |
| 105 | @ay z 000yy | |
| 106 | @az | |
| 200 | 10 | @a电力系统潮流计算@Adian li xi tong chao liu ji suan@f(日本)关根泰次著@F(ri ben)guan gen tai ci zhu@g水利电力部科学研究所译@Gshui li dian li bu ke xue yan jiu suo yi |
| 210 | @a北京@c水利电力出版社@d1974 | |
| 215 | @a207页@d21cm | |
| 330 | @a本书介绍了与稳态运行情况下计算机辅助安全性调度有关的问题,以及与动态安全性盾计和稳定性计算有关的一些知识。 | |
| 540 | 1 | @a电力系统的安全性和稳定性@Adian li xi tong de an quan xing he wen ding xing |
| 606 | @a安全调度(电力系统)-电力系统稳定 | |
| 606 | @a电力系统稳定-安全调度(电力系统) | |
| 606 | 0 | @a电力系统@x模拟 |
| 606 | 0 | @a电力系统计算 |
| 690 | @aTM74@v3 | |
| 701 | 0 | @a关根泰次@Aguan gen tai ci@4著 |
| 712 | 0 | @a水利电力部科学研究所@Ashui li dian li bu ke xue yan jiu suo@4译 |
| 801 | 0 | @aCN@bTSSF@c20060420 |
| 905 | @a10447@dTM74@e4 | |
| 电力系统潮流计算/(日本)关根泰次著/水利电力部科学研究所译.-北京:水利电力出版社,1974 |
| 207页;21cm |
| ISBN :CNY0.57 |
| 本书介绍了与稳态运行情况下计算机辅助安全性调度有关的问题,以及与动态安全性盾计和稳定性计算有关的一些知识。 |
| ● |
| 相关链接 |
|
|
|
|
正题名:电力系统潮流计算
索取号:TM74/4
 
预约/预借
| 序号 | 登录号 | 条形码 | 馆藏地/架位号 | 状态 | 备注 |
| 1 | 0016520 | 202283448 | 密集书库/ [索取号:TM74/4] | 在馆 |